| 000 | 003710000a22001450004500 | ||
|---|---|---|---|
| 005 | 20120302063203.0 | ||
| 942 | _cBOOK | ||
| 100 | _a SINGH, JAIDEVA | ||
| 245 | _a SIVA SUTRAS - THE YOGA OF SUPREME IDENTITY | ||
| 260 | _aDELHI : MOTILAL BANARASIDASS PUBLISHERS ,1979 | ||
| 300 | _aixvi,278 P. | ||
| 040 | _aENG | ||
| 365 | _bRS.90/- | ||
| 650 | _aSUTRAS/ SHIVSUTRAS | ||
| 999 |
_c358802 _d358799 |
||